Name an Element in Each Group - Statistics

General Stats
  • This quiz has been taken 54 times
  • The average score is 7 of 10
Answer Stats
Group Elements % Correct
Noble gasses Helium | Neon | Argon | Krypton | Xenon | Radon | Oganesson
100%
Alkali metals Lithium | Sodium | Potassium | Rubidium | Cesium | Francium
80%
Transition metals Titanium | Vanadium | Chromium | Manganese | Iron | Cobalt | Nickel | Copper | Zinc | Zirconium | Niobium | Molybdenum | Technetium | Ruthenium | Rhodium | Palladium | Silver | Cadmium | Hafnium | Tantalum | Tungsten | Rhenium | Osmium | Iridium | Platinum | Gold | Mercury | Rutherfordium | Dubnium | Seaborgium | Bohrium | Hassium | Meitnerium | Darmstadtium | Roentgenium | Copernicium
76%
Alkaline-earth metals Beryllium | Magnesium | Calcium | Strontium | Barium | Radium
74%
Actinoid elements Actinium | Thorium | Protactinium | Uranium | Neptunium | Plutonium | Americium | Curium | Berkelium | Californium | Einsteinium | Fermium | Mendelevium | Nobelium | Lawrencium
65%
Halogens Fluorine | Chlorine | Bromine | Iodine | Astatine | Tennessine
63%
Metalloids Boron | Silicon | Germanium | Arsenic | Antimony | Tellurium | Polonium | Astatine
59%
Other nonmetals Hydrogen | Carbon | Nitrogen | Oxygen | Phosphorus | Sulfur | Selenium
59%
Rare-earth elements (incl. Lanthanoids) Scandium | Yttrium | Lanthanum | Cerium | Praseodymium | Neodymium | Promethium | Samarium | Europium | Gadolinium | Terbium | Dysprosium | Holmium | Erbium | Thulium | Ytterbium | Lutetium
52%
Other metals Bismuth | Aluminum | Gallium | Indium | Tin | Thallium | Lead | Nihonium | Flerovium | Moscovium | Livermorium
46%
No matching quizzes found
Score Distribution
Percent of People with Each Score
Percentile by Number Answered
Your Score History
You have not taken this quiz